| 000 | 00755 a2200193 4500 | ||
|---|---|---|---|
| 999 |
_c10380 _d10380 |
||
| 020 | _a9780323430319 | ||
| 050 | _aRK60.5 BIR2018 | ||
| 100 |
_aBird, Doni _eauthor |
||
| 245 |
_aStudent workbook for modern dental assisting / _cDoni L. Bird, CDA, RDA, RDH, MA, Debbie S. Robinson, CDA, MS |
||
| 264 |
_aSt. Louis, Missouri : _bElsevier/Saunders, _c ♭2018 |
||
| 300 | _aviii, 647 pages, 16 unnumbered pages : illustrations ; 28 cm + 1 DVD (4 3/4 in.) | ||
| 440 | _aModern dental assisting | ||
| 500 | _alncludes index | ||
| 650 | _aDental assistants -- Problems, exercises, etc. | ||
| 650 | _a Dental Care -- methods | ||
| 650 | _a Dental Care -- Problems and Exercises. | ||
| 700 |
_aRobinson, Debbie. S _eauthor |
||
| 942 |
_2lcc _cBK _h60.5 _iBIR _kRK |
||